000 00975nam a2200313 i 4500
001 000046621
003 DO-SdBNP
005 20251124091906.0
007 ta
008 191224s2003 dr 000 f spa d
020 _a9993400661
040 _aDO-SdBNP
_bspa
_cBNPHU
_erda
041 _hspa
082 4 _aRD863.44
_bP426t 2003
_222
100 1 _aPeralta Romero, Rafael,
_d1948-
_eautor
_4aut.
_979774
245 1 4 _aLos tres entierros de Dino Bidal :
_bnovela /
_cRafael Peralta Romero.
250 _aSegunda edición
264 4 _aSanto Domingo :
_bCocolo Editorial,
_c2003.
300 _a129 páginas ;
_c21 cm.
336 _atexto
_btxt
_2rdaontent
337 _asin mediación
_bn
_2rdamedia
338 _avolumen
_bnc
_2rdacarrer
500 _aIncluye datos biográficos del autor en la solapa de la cubierta
590 _aInventariado, 2024/DG
650 4 _aNovela dominicana
_9223
650 4 _aLiteratura dominicana.
_967
910 _aDG
942 _2ddc
_cLBS1
999 _c57982
_d57982